Alternators / (Record no. 180575)

000 -LEADER
fixed length control field 00450 a2200193 4500
003 - CONTROL NUMBER IDENTIFIER
control field Nust
005 - DATE AND TIME OF LATEST TRANSACTION
control field 20230721111156.0
040 ## - CATALOGING SOURCE
Transcribing agency Nust
082 ## - DEWEY DECIMAL CLASSIFICATION NUMBER
Classification number 621.3132,TRE
100 ## - MAIN ENTRY--PERSONAL NAME
Personal name Treene, W. H.
9 (RLIN) 113761
245 ## - TITLE STATEMENT
Title Alternators /
Statement of responsibility, etc. W.H.Treene
250 ## - EDITION STATEMENT
Edition statement 1st ed
260 ## - PUBLICATION, DISTRIBUTION, ETC.
Place of publication, distribution, etc. Britain
Name of publisher, distributor, etc. U.S.A
Date of publication, distribution, etc. 1945
300 ## - PHYSICAL DESCRIPTION
Extent 85:p
505 ## - FORMATTED CONTENTS NOTE
Formatted contents note contents not available
600 ## - SUBJECT ADDED ENTRY--PERSONAL NAME
Personal name W.H.Treene
9 (RLIN) 113762
650 ## - SUBJECT ADDED ENTRY--TOPICAL TERM
Topical term or geographic name entry element Alternators
9 (RLIN) 113782
942 ## - ADDED ENTRY ELEMENTS (KOHA)
Source of classification or shelving scheme
Koha item type Book Bank
Holdings
Withdrawn status Lost status Source of classification or shelving scheme Damaged status Not for loan Permanent Location Current Location Shelving location Date acquired Full call number Barcode Date last seen Price effective from Koha item type Public note
          Military College of Signals (MCS) Military College of Signals (MCS) General Stacks 12/12/2016 621.3132,TRE MCS21972 12/08/2016 12/12/2016 Book Almirah No 88, Shelf No 2
          Military College of Signals (MCS) Military College of Signals (MCS) General Stacks 12/12/2016 621.3132,TRE MCS5840 12/08/2016 12/12/2016 Book Almirah No 88, Shelf No 2
          Military College of Signals (MCS) Military College of Signals (MCS) General Stacks 12/12/2016 621.3132,TRE MCS6192 12/08/2016 12/12/2016 Book Almirah No.88, Shelf No.2
© 2023 Central Library, National University of Sciences and Technology. All Rights Reserved.